000 00590nam a22001811c 4500
001 a987676842
008 160506s2015 gw |||| 000u ger d
020 _a9783161538346
_9978-3-16-153834-6
041 _ager
245 0 0 _aTransformationen des Historischen :
_bGeschichtserfahrung und Geschichtsschreibung bei Ferdinand Gregorovius /
_cDominik Fugger
264 _aTübingen :
_bMohr Siebeck,
_c2015
300 _aVI, 140 S. ; 231 x 155 mm
600 0 _aGregorovius, Ferdinand
700 1 _aFugger, Dominik
_eHerausgeberIn
942 _cMG
040 _cRU-10907106
003 RU-10907106
999 _c38471
_d38471